000 00686nam a2200277Ia 4500
003 OSt
005 20221006142524.0
006 a|||||r|||| 00| 0
007 ta
008 221006b |||||||| |||| 00| 0 eng d
020 _c£1.12
024 _a6,520
037 _cTextual
040 _aEASL
_cEASL
_beng
041 _2eng
_aeng
082 _aY:1v41.N5, K2
100 _aBECKMANN George M
245 0 _aModernization of China and Japan
260 _aNew York
_bHapper & Row
_c1962
300 _a724p.
_ccm.
490 _v CEL
650 _a CEL
650 _aJEL
942 _hY:1v41.N5, K2
_cTEXL
_2CC
999 _c1074606
_d1074606